Movies of 1999 Quiz Stats

 Plays Quiz Updated Oct 9, 2018

Score 0/16 Timer 06:00
7 Plays Today
Picture Movie % Correct
Toy Story 2
95.6%
American Pie
91.9%
The Sixth Sense
89.9%
The Matrix
89.1%
The Green Mile
87.4%
Fight Club
87.2%
The Blair Witch Project
81.4%
South Park: Bigger, Longer and Uncut
77.2%
Picture Movie % Correct
The Mummy
76.6%
Star Wars: Episode I - The Phantom Menace
71%
Office Space
69.2%
Eyes Wide Shut
56%
American Beauty
53.1%
Notting Hill
43.8%
Man on the Moon
39.6%
Being John Malkovich
35.8%

You're not logged in!

Compare scores with friends on all Sporcle quizzes.
OR
Log In

Sporcle TV

Today on Sporcle TV


Watch our educational content, quiz creation guides, and fun videos on Sporcle TV.

Show Comments

Extras

Top Quizzes Today


Score Distribution

Your Account Isn't Verified!

In order to create a playlist on Sporcle, you need to verify the email address you used during registration. Go to your Sporcle Settings to finish the process.

Report this User

Report this user for behavior that violates our Community Guidelines.

Details: